[Event "Baku FIDE GP"]
[Site "Baku"]
[Date "2014.10.03"]
[Round "2"]
[White "Svidler, Peter"]
[Black "Mamedyarov, Shakhriyar"]
[Result "1-0"]
[WhiteElo "2732"]
[BlackElo "2764"]
[Annotator "Krasenkow,M"]
[PlyCount "71"]
[EventDate "2014.10.02"]
[EventType "tourn"]
[EventRounds "11"]
[EventCountry "AZE"]
[EventCategory "21"]
[SourceTitle "CBM 163"]
[Source "ChessBase"]
[SourceDate "2014.11.11"]
[SourceVersion "1"]
[SourceVersionDate "2014.11.11"]
[SourceQuality "1"]

1. d4 d5 2. c4 e6 3. Nc3 Be7 4. cxd5 exd5 5. Bf4 c6 6. e3 Bf5 7. g4 Be6 8. h3
Nd7 9. Qb3 $146 {A new move in this classic line, to which Black replies in an
even more unusual manner.} (9. Bd3 {or}) (9. Nf3 {are common continuations.})
9... b5 $6 {It is not so easy for White to make use of the weakness of Black's
c6-pawn but still, it can be a long-term defect of Black's position.} (9... Qb6
{looks logical but after} 10. Qc2 {Black's queen is a bit misplaced.}) (9...
Nb6 $5 {is interesting, and if} 10. Nf3 {then} g5 {[%cal Yh7h5]}) 10. Nf3 h6 (
10... g5 $5 {[%cal Yh7h5] deserves attention here, too.}) 11. Bd3 Ngf6 12. Qc2
Rc8 13. O-O b4 14. Ne2 {Since Black is obviously preparing ...c6-c5
transforming into a position with the isolated central pawn, it was also
interesting to play} (14. Na4 {, forcing more exchanges on c5 (or even playing
Na4-c5, if possible). An interesting line:} Qa5 15. a3 $1 bxa3 16. Nc5 $1 Bxc5
(16... Nxc5 17. Rxa3 Qb4 18. dxc5 Qxc5 19. Rc3 Qb6 20. Nd4 $16 c5 21. Nxe6 fxe6
22. Rb3 Qd8 23. Bg6+ $40) 17. dxc5 Nxc5 18. Rxa3 $44 {^^|^}) 14... c5 (14...
Qb6 15. Ng3 $36 {[%cal Yg3f5]}) 15. dxc5 (15. Ba6 {was more ambitious, keeping
pressure after} Rc6 (15... c4 16. Bxc8 Qxc8 17. Ng3 {is hardly enough for
equality, either, although it is not easy for White to convert his material
advantage}) 16. Qa4 Rb6 17. dxc5 Bxc5 18. Rac1 O-O 19. Nfd4) 15... Nxc5 16.
Ned4 O-O 17. Rac1 Bd6 {A strange idea: Black is ready to voluntarily exchange
his bishop protecting the dark squares.} (17... Nfe4 $142 18. Ne5 Qb6 $14 {
M.Notkin.}) 18. Ne5 {[%cal Re5c6]} (18. Bxd6 Qxd6 19. Nf5 {was also possible.})
18... Nxd3 (18... Nce4 19. Nec6 Qd7 20. Ba6 $16) 19. Qxd3 Qb6 20. Qb5 $1 {
[%mdl 32] Correct! Fighting against the isolani, it is desirable to simplify
the game.} Bc5 21. Qxb6 axb6 (21... Bxb6 22. Nec6) 22. Nd3 {Black's bishop
can't avoid an exchange, and White can prepare the most appropriate moment to
capture it.} Nd7 (22... Bxd4 23. exd4 Rc4 24. Be5 {is in White's favour as the
b4-pawn will soon fall.}) 23. b3 Rfe8 24. Nb5 h5 25. f3 hxg4 26. hxg4 Red8 27.
Kg2 f6 28. Rfd1 Bf7 29. Nxc5 {White picks quite a good moment for this capture.
} Rxc5 {After this move Black remains in a dull position with a lot of
weaknesses.} (29... bxc5 {was possible:} {Instead, White can win a pawn:} 30.
Nc7 $5 (30. Nd6 Ra8 31. Nxf7 Kxf7 32. Rxd5 Rxa2+ 33. Kg3 Ra7 34. e4 (34. Rcd1
g5 $1) 34... Rc8 {Black gets rid of the pin and has good drawing chances})
30... c4 31. Na6 Nc5 32. Nxb4 cxb3 33. axb3 Nxb3 34. Rxc8 Rxc8 35. Nxd5 {
It may be insufficient for a victory but White can torture his opponent for a
long time.}) 30. Nd4 Ra8 (30... Rdc8 $142 31. Ra1 Ne5 {M.Notkin.}) 31. Bd6 $1 {
White sacrifices his a2-pawn but his rook can now invade Black's position
along the c- or a-file.} Rxa2+ 32. Kg3 Rb2 {Black is ready to sacrifice an
exchange on c5 but his move, ceding the a-file, is not a good version.} (32...
Rxc1 33. Rxc1 {[%cal Rc1c8]} Ra8 34. Bxb4 $16) ({In the event of} 32... Ra3 {
White needn't hurry:} 33. Rb1 $1 {, threatening Bxc5 bxc5 Nb5 and then Nd6 or
Nc7.}) (32... Ra8 $5 {was probably a better option.}) 33. Ra1 $1 Rc8 $2 {
[%mdl 8192] This allows White to trap Black's b2-rook.} (33... Ra5 $8 34. Bxb4
Raa2 $8 {but White should win in any case after} 35. Rxa2 Rxa2 36. Rc1 Ne5 37.
Rc8+ Kh7 38. Rc7 Kg8 39. Rb7) 34. Bxb4 {[%cal Rb4a3]} Nc5 35. Ba3 Rxb3 36. Bxc5
1-0

[Event "EU-Cup 29th"]
[Site "Rhodes"]
[Date "2013.10.22"]
[Round "3.3"]
[White "Vitiugov, Nikita"]
[Black "Halkias, Stelios"]
[Result "1-0"]
[WhiteElo "2729"]
[BlackElo "2568"]
[Annotator "Krasenkow,M"]
[PlyCount "99"]
[EventDate "2013.10.20"]
[EventType "team-swiss"]
[EventRounds "7"]
[EventCountry "GRE"]
[SourceTitle "CBM 157"]
[Source "ChessBase"]
[SourceDate "2013.11.12"]
[SourceVersion "1"]
[SourceVersionDate "2013.11.12"]
[SourceQuality "1"]
[WhiteTeam "St Petersburg"]
[BlackTeam "Peristeriou"]
[WhiteTeamCountry "RUS"]
[BlackTeamCountry "GRE"]

1. c4 e6 2. Nc3 d5 3. d4 Be7 4. cxd5 exd5 5. Bf4 c6 6. e3 Bd6 7. Qf3 $5 {
An unusual move but the game soon transposes to a well-known position.} Ne7 8.
Bxd6 {If White doesn't take on d6, Black will be able to play ...Bc8-f5:} (8.
Bd3 O-O (8... Bf5 $5 9. Bxf5 Nxf5 10. Be5 Bxe5 11. Qxf5 Bd6 12. Nf3 Nd7 13.
O-O-O Qf6 14. Qxf6 {1/2 (14) Vaisser,A (2563)-Zvjaginsev,V (2664) Istanbul 2003
}) 9. Nge2 (9. Bxd6 {is still possible}) 9... Bf5 10. Bxf5 Nxf5 11. g4 Nh4 12.
Qg3 Be7 13. O-O-O g5 14. Bxb8 Rxb8 15. f4 b5 16. Kb1 Bd6 17. Qf2 f6 $13 {
1/2 (33) Mamedyarov,S (2731)-Halkias,S (2584) Germany 2008}) 8... Qxd6 9. Bd3
b6 $6 $146 {This way to force the exchange of light-squared bishops, weakening
Black's queenside, is hardly positionally justified. Practice has seen} (9...
Nd7 10. Nge2 (10. O-O-O Nf6 11. h3 h5 12. Qe2 Bf5 $11 {1/2 (30) Rajlich,I 
(2423)-Khurtsidze,N (2418) Plovdiv 2003}) 10... Nf6 11. Qg3 (11. h3 O-O 12. g4
Ng6 13. g5 $2 Nh4 14. Qg3 Qxg3 15. Nxg3 Nf3+ 16. Ke2 Nxg5 $17 {1/2 (39)
Muzychuk,A (2529)-Magalashvili,D (2461) Tbilisi 2010}) 11... Qxg3 12. Nxg3 Be6
13. Ke2 O-O 14. Rhc1 Rfc8 15. Na4 Nd7 16. Nc5 Nxc5 17. Rxc5 a5 18. Rac1 Re8 19.
Nf1 Bf5 $11 {1/2 (38) Gonda,L (2502)-Kovacs,G (2499) Hungary 2008}) (9... O-O
$5) (9... g6 $5 {[%cal Yc8f5]}) 10. Nge2 Ba6 11. Bc2 (11. Bxa6 Nxa6 12. O-O O-O
13. Rac1 {[%csl Rc6] should also give White a small edge.}) 11... Nd7 12. O-O-O
{[%mdl 32] White goes for sharp play exploiting the fact that Black's
a6-bishop disturbs his own queenside attack.} O-O 13. Nf4 (13. g4 $5) 13... Ng6
14. Nh5 b5 15. Ne2 Nb6 16. Qg3 {After Black has weakened the c5-square, White
changes his mind hoping to exploit that weakness in the endgame.} (16. h4 Nc4
17. Nhf4 $1 {was possible, too}) 16... Nc4 (16... Qe7 $6 17. h4 Nc4 18. Nxg7 $1
Kxg7 19. h5) 17. Nef4 Qb4 {It was possible to bring the bishop into play:} (
17... Bc8 $5 18. Nd3 Bf5) 18. Nd3 Qa5 19. Bb3 Qd8 $6 {Black wastes too much
time.} (19... Bc8 $142 20. h4 Bf5) 20. h4 Nd6 21. Nc5 Bc8 22. Bc2 Nf5 $2 {
A wrong decision. White's c5 knight will dominate Black's bishop.} (22... Bf5 {
was absolutely necessary, with just a small positional plus for White.}) 23.
Bxf5 Bxf5 24. Nxg7 $1 {Additionally, White destroys the position of Black's
king.} Kxg7 25. h5 Qf6 26. Rh2 Kh8 27. hxg6 fxg6 28. Rdh1 Rf7 29. Rh6 Rg8 30.
Kd2 {Black has no counterplay whatsoever so White needn't hurry.} Re8 31. Qh2
Qe7 32. a3 Bg4 33. Qg3 Bh5 $6 {A desperate attempt to change matters.} ({
After the passive} 33... Bf5 {, which was probably a better option, White
probably must exchange queens after all:} 34. Qh4 {and then start preparing
e3-e4.}) 34. Nd3 Qf8 35. R1xh5 gxh5 36. Rxh5 {White's powerful knight plus a
pawn are stronger than Black's rook. In fact, Black will soon have to give the
exchange back.} Re6 37. Qh4 b4 $6 {But giving up another pawn makes no sense.}
(37... Qe7 $142 38. Qh3 $16 {[%cal Yg2g4,Yf2f4]}) 38. axb4 Ref6 ({Now in case
of} 38... Qe7 {White simply exchanges queens and must easily win.}) 39. f4 Re6
40. g4 {This pawn avalanche decides the game.} Rfe7 41. f5 Re4 (41... Rf6 42.
Ne5 $18) 42. Ne5 R4xe5 43. dxe5 Rg7 44. Ke2 Qxb4 45. Qd8+ Rg8 46. Qf6+ Rg7 47.
Rg5 Qe7 48. Qxg7+ Qxg7 49. Rxg7 Kxg7 50. b4 1-0

[Event "EU-ch 12th"]
[Site "Aix les Bains"]
[Date "2011.03.28"]
[Round "7"]
[White "Jakovenko, Dmitrij"]
[Black "Grigoryan, Avetik"]
[Result "1-0"]
[WhiteElo "2718"]
[BlackElo "2608"]
[Annotator "Krasenkow,M"]
[PlyCount "79"]
[EventDate "2011.03.22"]
[EventType "swiss"]
[EventRounds "11"]
[EventCountry "FRA"]
[SourceTitle "CBM 142 Extra"]
[Source "ChessBase"]
[SourceDate "2011.06.27"]
[SourceVersion "1"]
[SourceVersionDate "2011.06.27"]
[SourceQuality "1"]

1. c4 c6 2. Nf3 d5 3. d4 e6 4. Nc3 dxc4 5. a4 Bb4 6. e3 b5 7. Bd2 Bb7 8. axb5
Bxc3 9. Bxc3 cxb5 10. b3 a5 11. bxc4 b4 12. Bb2 Nf6 13. Bd3 O-O 14. O-O Nbd7
15. Nd2 Qc7 16. f3 {A relatively new move.} (16. f4 a4 $1 {is good for Black}
17. Rxa4 $140 $4 Qc6) 16... e5 (16... Bc6 17. Bc2 Nb6 18. e4 Rfd8 {1/2 Touzane,
O (2382)-Curtacci,S/Internet 2001/CBM 085 ext (69)} 19. Rf2 $14) 17. Kh1 Rfe8 (
17... exd4 18. exd4 Ra6 19. d5 $1 {[%cal Gb2g7,Gd3h7]} Nc5 20. Bc2 Nfd7 21. f4
Re8 22. Qg4 Nf6 23. Rae1 (23. Qg3 $142 $16) 23... Rxe1 24. Rxe1 Ncd7 25. Qf5 {
1-0 Ganguly,S (2650)-Delchev,A (2623)/Khanty Mansiysk 2010/CBM 139 (36)} g6 26.
Qd3 a4 $132) 18. Qc2 (18. Bc2 $143 {is too passive and yields Black the
initiative:} exd4 19. exd4 Nb6 20. Rc1 a4 21. d5 b3 22. Bb1 Nbd7 23. Bd4 Ba6
24. f4 Qd6 25. Rc3 Re7 26. Bf5 Nf8 $6 (26... Nc5 $36 {[%csl Ga4,Gb3]} 27. Rg3
g6) 27. Qa1 Rae8 $2 (27... Re2 $1 $132) 28. Be5 (28. Qxa4 b2 29. Qa3 $1 $16)
28... Qb4 29. Rg3 Ng6 30. Bc3 b2 $13 {1-0 Vitiugov,N (2720)-Yakovich,Y (2546)/
Aix-les-Bains FRA 2011/CBM 142 (49)}) 18... h6 19. Rfd1 exd4 20. exd4 Qf4 21.
Nf1 Nh5 (21... a4 22. Rxa4 (22. Bc1 Qb8 $1 23. Rxa4 $2 Bxf3 $1 24. Rxa8 (24.
gxf3 $2 b3) 24... Bxa8 25. Ng3 b3 26. Qb2 Ng4 27. Rf1 Ndf6 $13) 22... Bxf3 23.
Rxa8 Bxa8 24. d5 Nc5 25. Bd4 $14) (21... b3 $1 22. Qxb3 (22. Qc3 a4 $132 {
[%csl Ga4,Gb3]}) 22... Bxf3 23. gxf3 Qxf3+ 24. Kg1 Ne4 25. Qc2 Ng5 26. Qg2 Nh3+
27. Kh1 Nf2+ 28. Kg1 Nh3+ $11 (28... Qxg2+ 29. Kxg2 Nxd3 30. Rxd3 Re2+ 31. Kg3
Rxb2 32. c5 $13)) 22. Bc1 Qh4 23. Be3 Nf4 24. Bf5 Nf6 25. d5 N6xd5 $2 {[%mdl
512] An incorrect sacrifice, easily refuted by White.} (25... g6 $13 26. Rd4
$140 N6h5 27. Qd2 (27. g3 $2 Nxg3+ 28. Nxg3 Rxe3) 27... gxf5 28. Bxf4 Nxf4 29.
Rxf4 Qf6 $132 {[%csl Ga5,Gb4]}) 26. cxd5 Nxd5 27. Bd4 Nf4 28. Ng3 Nh5 29. Bh7+
Kh8 30. Nf5 $1 Qf4 31. Nd6 Re7 32. Nxb7 Rxb7 33. Be4 Rc7 34. Qd2 Qxd2 35. Rxd2
Rac8 36. Rdd1 Nf6 37. Bxf6 gxf6 38. Rxa5 b3 39. Rb5 Rc1 40. Rg1 1-0

[Event "EU-ch 8th"]
[Site "Dresden"]
[Date "2007.04.06"]
[Round "4"]
[White "Volkov, Sergey"]
[Black "Kempinski, Robert"]
[Result "1-0"]
[WhiteElo "2636"]
[BlackElo "2590"]
[Annotator "Krasenkow,M"]
[PlyCount "43"]
[EventDate "2007.04.03"]
[EventType "swiss"]
[EventRounds "11"]
[EventCountry "GER"]
[SourceTitle "CBM 118"]
[Source "ChessBase"]
[SourceDate "2007.05.31"]
[SourceVersion "1"]
[SourceVersionDate "2007.05.31"]
[SourceQuality "1"]

1. d4 d5 2. c4 e6 3. Nc3 c6 4. e4 dxe4 5. Nxe4 Bb4+ 6. Bd2 Qxd4 7. Bxb4 Qxe4+
8. Be2 Na6 9. Ba5 f6 10. Nf3 b6 11. Nd2 {This rare move was recently picked up
by Russian players. The idea is, of course, to put the bishop to f3 (from
where it attacks the c6 pawn) and threaten Nd2-e4-d6.} (11. Bc3 {is the main
theoretical line.}) 11... Qf4 (11... Qf5 {is the other retreat. Here is a
practical example:} 12. Bh5+ ({or} 12. Bc3 e5 13. O-O Ne7) 12... g6 13. Bf3 Ne7
14. Bc3 e5 15. O-O O-O 16. Be4 Qf4 17. b4 Nc7 18. b5 Bg4 19. g3 Bxd1 20. gxf4
Ba4 21. Bb4 Rfe8 22. fxe5 {1/2-1/2 Yakovich,Y-Timofeev,A/Moscow 2006}) 12. Bh5+
g6 (12... Ke7 $5 {is quite extravagant but Black did quite well in the
following games:} 13. Bc3 Nh6 (13... Bb7 14. O-O Nh6 15. Qe2 c5 16. Rae1 (16.
Rfe1 $5) 16... Nc7 17. g3 Qf5 18. b4 Rad8 19. bxc5 Qxc5 20. Rb1 Qf5 21. Bb4+
Kd7 22. Rbc1 Kc8 $17 {1/2-1/2 Matveeva,S-Krapivin,A/Moscow 2005/EXT 2006 (50)})
14. g3 Qf5 15. Bf3 Rd8 16. O-O Rb8 17. Be4 Qg4 18. f3 Qh5 19. b4 Bb7 20. Qe2 c5
21. b5 Bxe4 22. Qxe4 Nc7 23. Qxh7 Kf7 24. Ne4 Qf5 25. Qxf5 Nxf5 $15 {0-1 Belov,
V-Kempinski,R/Polanica Zdroj 2006/CBM 113 ext (55)}) {It is quite curious why
GM Robert Kempinski prefers another move this time.} 13. Bf3 Ne7 (13... Qe5+ {
is more logical, depriving White of castling:} 14. Kf1 Qc7 15. Bc3 e5 (15...
Nc5 16. b4 Nb7 17. Ne4 e5 18. Qe2 Kf8 19. Nxf6 Nxf6 20. Bxe5 Qe7 21. Bxc6 $44 {
1/2-1/2 Fridman,D-Solodovnichenko,Y/Chessfriend.com 2003/Telechess CBM 101 (32)
}) 16. Ne4 Kf7 $5 (16... Nc5 17. Qd6 Qxd6 18. Nxd6+ Ke7 19. Bxc6 Rb8 20. Nxc8+
Rxc8 21. Bd5 $14 Nh6 22. g3 Rhe8 23. Kg2 Nf5 24. a4 Kf8 25. b4 Nb3 26. Ra3 Nbd4
27. Bd2 Rc7 {0-1 Lysyj,I-Galkin,A/Sochi 2005/CBM 107 (64)}) 17. b4 Ne7 18. g4
Rd8 19. Qe2 Be6 20. Kg2 b5 21. Qe3 Bxc4 22. Qh6 Nd5 23. Qxh7+ Kf8 24. Qh8+ Kf7
25. Qh7+ Kf8 {1/2-1/2 Lastin,A-Yudin,S/Russia 96/(303) 2006/Inf 96}) 14. Bc3
Nc5 $6 {Premature! It was more essential to castle:} (14... O-O $5) 15. g3 (15.
O-O O-O 16. b4 Nb7 17. Ne4 e5 18. b5 cxb5 19. cxb5 Qf5 20. Bb4 Qe6 21. Rc1 Rd8
22. Qb3 Qxb3 23. axb3 Kf7 24. Nd6+ Nxd6 25. Bxd6 Rxd6 26. Bxa8 Bd7 27. Rfd1
Rxd1+ 28. Rxd1 Bxb5 29. Rd6 Be8 {1/2-1/2 Retamoza,F-Tanti,J/Chessfriend.com
2005/Telechess CBM 115}) 15... Qf5 (15... Qc7 16. Bxf6 O-O 17. Bxe7 (17. Bc3 $5
) 17... Qxe7 18. O-O $14) 16. O-O e5 {Again it was more appropriate to castle:}
(16... O-O 17. b4 Nb7) 17. b4 Nb7 18. b5 $1 c5 $2 {[%mdl 16384] The last
mistake. Black opens the long diagonal, making his development impossible.} (
18... Bd7 $8 19. Bb4 (19. Be4 Qe6 20. f4 O-O) 19... Qe6 20. Ne4 $44) 19. Be4
Qe6 20. f4 $1 Rb8 (20... exf4 21. Qf3 fxg3 22. Rae1 $18) 21. Qa4 Na5 22. Bxa5 (
22. Bxa5 bxa5 23. b6+ Bd7 24. bxa7 Rc8 25. Qxa5 Bc6 26. fxe5 $18) 1-0

[Event "Tashkent FIDE GP"]
[Site "Tashkent"]
[Date "2014.10.24"]
[Round "4"]
[White "Mamedyarov, Shakhriyar"]
[Black "Nakamura, Hikaru"]
[Result "1/2-1/2"]
[WhiteElo "2764"]
[BlackElo "2764"]
[Annotator "Krasenkow,M"]
[PlyCount "68"]
[EventDate "2014.10.21"]
[EventType "tourn"]
[EventRounds "11"]
[EventCountry "UZB"]
[EventCategory "21"]
[SourceTitle "CBM 163"]
[Source "ChessBase"]
[SourceDate "2014.11.11"]
[SourceVersion "1"]
[SourceVersionDate "2014.11.11"]
[SourceQuality "1"]

1. d4 d5 2. c4 e6 3. Nc3 Be7 4. cxd5 exd5 5. Bf4 c6 6. e3 Bf5 7. g4 Be6 8. h4
Nd7 9. h5 Nh6 {This move, originating from Kasparov-Karpov (World Championship
match 1985), is the most popular continuation in this position nowadays.} 10.
Be2 (10. f3 f5 $5 11. Bxh6 gxh6 12. gxf5 Bxf5 13. Bd3 Bh4+ 14. Ke2 Bxd3+ 15.
Qxd3 Qe7 16. f4 Rg8 17. Kd2 Rg2+ 18. Nge2 Bf2 19. Rh3 O-O-O $36 {1/2 (30)
Maksimenko,A (2540)-Talla,V (2452) Legnica 2010}) 10... Nb6 (10... f5 {is less
attractive here}) 11. Nh3 (11. Rc1 Nc4 $5 12. b3 Nd6 13. Nh3 g5 $5 14. Be5 Rg8
15. f3 f5 16. Nf2 Ndf7 17. Bh2 Bd6 18. Qd2 fxg4 19. fxg4 Qe7 20. Kd1 O-O-O 21.
Kc2 Kb8 22. Rcg1 {1/2 (22) Mchedlishvili,M (2635)-Doettling,F (2544) Evry 2008}
) 11... g5 $1 {Quiet play gives White a tiny edge, e.g.} (11... Nc4 $6 12. Bxh6
gxh6 13. Bxc4 dxc4 14. Nf4) (11... Bd6 12. Rg1 Qd7 13. f3 O-O-O 14. Qc2 Kb8 15.
O-O-O Bxf4 16. Nxf4 Qe7 17. Bd3 $14 {1-0 (76) Neverov,V (2561)-Sandalakis,A 
(2350) Paleochora 2009}) 12. hxg6 (12. Bg3 Qd7 13. f3 f5 14. Be5 Rg8 15. Nf2
fxg4 16. Nxg4 Nxg4 17. fxg4 Bd6 18. Bxd6 Qxd6 19. b3 Rf8 20. Kd2 Nd7 21. Qg1
O-O-O 22. Qh2 Qa3 $36 {1/2 (62) Sieciechowicz,M (2454)-Mista,A (2564) Ostroda
2011}) 12... hxg6 13. Be5 {A relatively new move. Other continuations are
harmless:} (13. Kd2 Nc4+ 14. Bxc4 dxc4 15. f3 g5 16. Bg3 Qb6 17. Kc2 {1/2 (52)
Rowson,J (2586)-Bartholomew,J (2427) London 2012} Nf5 $1 $36 18. gxf5 $140
Bxf5+ 19. Ne4 Bxh3) (13. Bg3 $6 Nxg4 $1 (13... Qd7 14. Nf4 O-O-O 15. Nxe6 Qxe6
16. Rg1 $13 {1-0 (79) Nakamura,H (2753)-Aronian,L (2807) Sao Paulo/Bilbao 2011
CBM 147 [Edouard,R]}) 14. Bxg4 Qd7 15. Bxe6 (15. f3 f5 16. Be5 Rh7 $17) 15...
Qxe6 16. Qf3 Rxh3 $17 {E.Postny}) (13. f3 {is the main line but it gives Black
a comfortable game. Here is an example:} Bh4+ $1 14. Nf2 (14. Kd2 g5 15. Bh2 f5
16. gxf5 Nxf5 17. Be5 Rh6 18. f4 g4 19. Ng5 Bxg5 20. fxg5 Qxg5 $15 {1/2 (26)
Vaisser,A (2505)-Timoscenko,G (2495) Tashkent 1987}) 14... g5 $1 15. Bh2 Qe7 ({
the immediate} 15... f5 $5 {may be even better}) 16. Qc2 f5 {The key move of
Black's plan.} 17. Be5 Rf8 $36 {[%cal Rf8f2,Rh4f2] 0-1 (30) Onischuk,A (2658)
-Lputian,S (2607) Poikovsky 2001 CBM 084 [Dautov]}) 13... f6 14. Nf4 fxe5 (
14... Bf7 $6 15. Qc2 $1 fxe5 16. Nxg6 {is White's idea.}) 15. Nxg6 $1 {[%mdl
512]} (15. Nxe6 Qd6 16. g5 (16. Nc5 O-O-O $17) 16... Qxe6 17. gxh6 e4 {[%cal
Ye7f8] - White must fight for equality}) 15... Rg8 $6 {There was no reason to
give the piece back.} (15... Rh7 $142 16. Nxe5 (16. dxe5 $5 $44 {E.Gleizerov})
16... Bh4 17. Qd3 Rg7 18. O-O-O Qf6 19. Rdg1 O-O-O 20. f4 {1/2 (33) Van Seben,
E (2426)-Kovacs,A (2463) Lechenicher SchachServer 2010 - White's pawns finally
enabled him to equalise. It looks like the whole line is fine for Black.}) 16.
Nxe7 Qxe7 17. Rxh6 e4 18. a4 {There was no need to push Black's knight on to
better squares.} (18. Kd2 $1 {[%cal Yd1g1] looks very logical. It is not easy
for Black to regain the missing pawn or obtain any compensation. If} Nc4+ {then
} 19. Bxc4 dxc4 20. Qh1 {[%csl Re4]}) 18... Nd7 19. Qb3 (19. Kd2 $1 {was still
possible but now after} Nf6 20. Qh1 Kd7 $1 (20... Bxg4 21. Bxg4 Rxg4 22. Qh3 {
, and Black can't castle (E.Gleizerov)}) 21. Rg1 Rg5 {[%cal Ya8g8] it is more
difficult to break down Black's defence.}) 19... Nf6 20. Rc1 (20. Rxf6 $6 Qxf6
21. Qxb7 Rc8) 20... Bxg4 (20... O-O-O 21. a5 $36) (20... Nxg4 21. Rxe6 Qxe6 22.
Qxb7 Rd8 23. Nd1 $36) 21. Rxf6 Qxf6 22. Qxb7 {Black can't play 22...Rc8 now
but his position remains solid after the other rook retreat.} Rd8 23. Qxa7 Rf8
24. Nd1 Bxe2 25. Kxe2 Qd6 26. Rc5 Rb8 27. Qa5 $6 {A passive move, after which
it is Black who seizes the initiative.} (27. Qh7 $5) 27... Kd7 28. Qc3 (28.
Qa7+ Qc7) 28... Ra8 {Over-cautious.} (28... Rb7 $142 {[%cal Yf8b8] Perhaps
Black will not find a way to break White's defence but he can try.}) 29. a5
Rfb8 30. b4 Rb5 31. Rxb5 cxb5 32. Qc5 Rc8 {Black sacrifices a pawn to activate
his rook. Still, this counterplay is only enough for a draw as he does nt have
enough power to mate White's king.} (32... Qxc5 33. dxc5 Kc6 34. Nc3 Rh8 {
is also drawish.}) 33. Qxb5+ Ke6 34. a6 (34. Qa4 Qc7 {[%cal Yc7c1,Yc8c2] After
the invasion of Black's pieces White will give a perpetual.}) 34... Ra8 (34...
Ra8 35. a7 Rxa7 36. Qe8+ $11) 1/2-1/2